Preoperative FLAIR images for identifying glioblastoma boundaries

Elmentve itt :
Bibliográfiai részletek
Szerzők: Bayan Shukir
Szivos László
Barzó Pál
Kis Dávid
Dokumentumtípus: Cikk
Megjelent: 2025
Sorozat:BMC MEDICAL IMAGING 25 No. 1
Tárgyszavak:
doi:10.1186/s12880-025-01839-2

mtmt:36286247
Online Access:http://publicatio.bibl.u-szeged.hu/37755
LEADER 00772nab a2200241 i 4500
001 publ37755
005 20250929114448.0
008 250929s2025 hu o 000 eng d
022 |a 1471-2342 
024 7 |a 10.1186/s12880-025-01839-2  |2 doi 
024 7 |a 36286247  |2 mtmt 
040 |a SZTE Publicatio Repozitórium  |b hun 
041 |a eng 
100 1 |a Bayan Shukir 
245 1 0 |a Preoperative FLAIR images for identifying glioblastoma boundaries  |h [elektronikus dokumentum] /  |c  Bayan Shukir 
260 |c 2025 
300 |a 10 
490 0 |a BMC MEDICAL IMAGING  |v 25 No. 1 
650 4 |a Klinikai orvostan 
700 0 1 |a Szivos László  |e aut 
700 0 1 |a Barzó Pál  |e aut 
700 0 1 |a Kis Dávid  |e aut 
856 4 0 |u http://publicatio.bibl.u-szeged.hu/37755/1/BMC.pdf  |z Dokumentum-elérés